| 000 | 01180nam0a2200301 i 4500 | ||
|---|---|---|---|
| 001 | RU\NLR\BIBL_A\011315176 | ||
| 005 | 20260406122030.0 | ||
| 010 |
_a9785389105294 _96000 |
||
| 021 |
_aRU _b2016-97918 _96504 |
||
| 035 | _a(NLR Aleph) 011315176 | ||
| 090 |
_a11044009 _c11044010 |
||
| 100 | _a20170125d2016 d y0rusy50 ca | ||
| 101 | 0 | _arus | |
| 102 | _aRU | ||
| 105 | _aa z 000ay | ||
| 200 | 1 |
_aПутешествие Алисы _eфантастическая повесть _e[для среднего школьного возраста] _fКир Булычёв _gхудож. Геннадий Соколов |
|
| 210 |
_aМосква [и др.] _cМахаон [и др.] _d2016 |
||
| 215 |
_a237, [2] с. _cцв. ил. _d24 |
||
| 225 | 1 | _aВесёлая компания | |
| 333 | _a0+ | ||
| 686 | 0 | _aШ9(2)62=Р7-4 | |
| 700 | 1 |
_7ca _8rus _aБулычев _bК. _f1934-2003 _gКир _9110693 _3RU\NLR\AUTH\77650 |
|
| 702 | 1 |
_4440 _7ca _8rus _aСоколов _bГ. В. _cхудожник _f1949-2017 _gГеннадий Валентинович _930458 _3RU\NLR\AUTH\7747523 |
|
| 942 | _cBOOK | ||
| 980 | _aNBR | ||